[Event "Bad Sooden-Allendorf Seniors op 15th"]
[Site "Bad Sooden-Allendorf"]
[Date "2003.04.29"]
[Round "1"]
[White "Hoenisch, Florian"]
[Black "Heidfeld, Christel"]
[Result "1/2-1/2"]
[WhiteElo "1735"]
[BlackElo "1279"]
[PlyCount "79"]
[EventDate "2003.05.??"]
[EventType "swiss"]
[EventRounds "9"]
[EventCountry "GER"]
[SourceTitle "EXT 2006"]
[Source "ChessBase"]
[SourceDate "2005.11.24"]
[SourceVersion "1"]
[SourceVersionDate "2005.11.24"]
[SourceQuality "1"]

1. e4 e6 2. d4 d5 3. Nc3 Bb4 4. e5 Bxc3+ 5. bxc3 Ne7 6. a4 0-0 7. Bd3 Ng6 8. Ne2 c6 9. 0-0 Bd7 10. Ng3 b5 11. axb5 cxb5 12. f4 Qc8 13. Qd2 Nc6 14. Bxb5 Nce7 15. Bxd7 Qxd7 16. Ba3 Rac8 17. Bc5 Rc7 18. Rfb1 Re8 19. Rb3 Nc6 20. Nf1 Rb7 21. g3 Reb8 22. Rxb7 Qxb7 23. Ne3 a5 24. f5 exf5 25. Nxf5 Ra8 26. Nd6 Qd7 27. Rf1 Nd8 28. Bb6 Nh8 29. Bc5 Ne6 30. Qg2 Qc6 31. Nf5 Ng6 32. Nd6 Nxc5 33. c4 Ne7 34. Rxf7 Ng6 35. cxd5 Qb6 36. Qf2 Na4 37. Rxg7+ Kxg7 38. Qf7+ Kh8 39. Qf6+ Kg8 40. Qe6+ 1/2-1/2

[Event "Bad Sooden-Allendorf Seniors op 14th"]
[Site "Bad Sooden-Allendorf"]
[Date "2002.04.27"]
[Round "6"]
[White "Heidfeld, Christel"]
[Black "Hopp, Barbara"]
[Result "0-1"]
[WhiteElo "1320"]
[BlackElo "1449"]
[PlyCount "108"]
[EventDate "2002.04.??"]
[EventType "swiss"]
[EventRounds "9"]
[EventCountry "GER"]
[SourceTitle "EXT 2006"]
[Source "ChessBase"]
[SourceDate "2005.11.24"]
[SourceVersion "1"]
[SourceVersionDate "2005.11.24"]
[SourceQuality "1"]

1. e4 e5 2. Bc4 Nf6 3. Nc3 Be7 4. Nge2 c6 5. d4 d6 6. Ng3 0-0 7. 0-0 Ne8 8. Be3 Kh8 9. Qf3 f6 10. Nh5 b5 11. Bd3 Qd7 12. b4 Qg4 13. Be2 Qxf3 14. Bxf3 Nd7 15. d5 Bb7 16. a4 a6 17. Bg4 Nb8 18. Ng3 Nc7 19. Nf5 Rf7 20. Bf3 Bf8 21. Bb6 g6 22. Ng3 Rd7 23. Bg4 Re7 24. f4 Bg7 25. f5 Bh6 26. fxg6 hxg6 27. Rxf6 Kg7 28. Rxd6 cxd5 29. exd5 Bd2 30. Nce2 Bxb4 31. Rd8 Nxd5 32. Bf3 Nxb6 33. Bxb7 Rxb7 34. Ne4 Rd7 35. Re8 Nc6 36. Re6 Rc8 37. c3 Be7 38. Rf1 Nxa4 39. Rf3 Bc5+ 40. Nxc5 Nxc5 41. Rxc6 Rxc6 42. Re3 Re6 43. h3 a5 44. Kh2 a4 45. Ng3 a3 46. Re2 Ra7 47. Ra2 e4 48. Kg1 e3 49. Ne2 Rf6 50. Nd4 Rf2 51. Ne2 Nd3 52. Rc2 a2 53. Rxa2 Rxa2 54. g3 Raxe2 0-1

[Event "Bad Sooden-Allendorf Seniors op 14th"]
[Site "Bad Sooden-Allendorf"]
[Date "2002.04.24"]
[Round "3"]
[White "Thonig, Manfred"]
[Black "Heidfeld, Christel"]
[Result "0-1"]
[WhiteElo "1572"]
[BlackElo "1320"]
[PlyCount "156"]
[EventDate "2002.04.??"]
[EventType "swiss"]
[EventRounds "9"]
[EventCountry "GER"]
[SourceTitle "EXT 2006"]
[Source "ChessBase"]
[SourceDate "2005.11.24"]
[SourceVersion "1"]
[SourceVersionDate "2005.11.24"]
[SourceQuality "1"]

1. e4 Nc6 2. d4 d5 3. e5 f6 4. f4 e6 5. c3 a6 6. Bd3 Qd7 7. b3 b5 8. a4 b4 9. Qh5+ Kd8 10. Nf3 bxc3 11. Ba3 Qe8 12. Qh4 Nge7 13. 0-0 f5 14. b4 Bb7 15. Nxc3 Kc8 16. b5 Na5 17. Rfb1 Ng6 18. Qg3 Be7 19. bxa6 Bxa6 20. Nb5 Nc4 21. Bxe7 Qxe7 22. Bxc4 dxc4 23. Nd2 Rd8 24. Nxc4 Bxb5 25. axb5 Rxa1 26. Rxa1 Rxd4 27. Nb6+ cxb6 28. Ra8+ Kb7 29. Qf3+ Rd5 30. Ra1 Qc5+ 31. Kh1 Qxb5 32. h3 Qb4 33. Qh5 Nxf4 34. Qf7+ Kc6 35. Qe8+ Kc5 36. Qc8+ Kd4 37. Qc6 Kxe5 38. Qc7+ Ke4 39. Qc2+ Ke5 40. Rb1 Qc5 41. Qb2+ Kd6 42. Qxg7 Qf2 43. Qf8+ Ke5 44. Qb8+ Ke4 45. Rg1 Rd1 46. Qb7+ Rd5 47. Qc6 Ne2 48. Qxe6+ Kf4 49. Rb1 Ng3+ 50. Kh2 Nf1+ 51. Kh1 Re5 52. Qc4+ Re4 53. Qxf1 Qxf1+ 54. Rxf1+ Ke5 55. Rb1 b5 56. Rxb5+ Kf4 57. Kh2 Re2 58. Rb4+ Ke3 59. Rb6 f4 60. h4 Kf2 61. Rf6 Re4 62. Rf5 Kf1 63. Kh3 Re3+ 64. Kh2 Re4 65. Rh5 Re2 66. Rg5 f3 67. h5 Rxg2+ 68. Rxg2 fxg2 69. Kh3 g1Q 70. Kh4 Qd4+ 71. Kg5 Qg7+ 72. Kh4 Kg2 73. h6 Qxh6+ 74. Kg4 Qf6 75. Kh5 Qf7+ 76. Kg5 Kg3 77. Kh6 Qf8+ 78. Kg5 Qf4+ 0-1

[Event "Bad Sooden-Allendorf Seniors op 14th"]
[Site "Bad Sooden-Allendorf"]
[Date "2002.04.23"]
[Round "2"]
[White "Heidfeld, Christel"]
[Black "Burnat, Horst"]
[Result "0-1"]
[WhiteElo "1320"]
[BlackElo "1607"]
[PlyCount "60"]
[EventDate "2002.04.??"]
[EventType "swiss"]
[EventRounds "9"]
[EventCountry "GER"]
[SourceTitle "EXT 2006"]
[Source "ChessBase"]
[SourceDate "2005.11.24"]
[SourceVersion "1"]
[SourceVersionDate "2005.11.24"]
[SourceQuality "1"]

1. e4 c5 2. Nf3 Nc6 3. d4 cxd4 4. c3 dxc3 5. Nxc3 d6 6. Bb5 Bd7 7. 0-0 Nf6 8. Re1 g6 9. Be3 Bg7 10. Bd4 0-0 11. a4 a6 12. Bc4 Rc8 13. Ba2 Bg4 14. h3 Bxf3 15. Qxf3 Nxd4 16. Qd3 Ne6 17. Qd2 Nc5 18. Qe2 Qc7 19. Rec1 Qb6 20. Bd5 e6 21. Ba2 Rc7 22. Qe1 Nd3 23. Qe3 Qxe3 24. fxe3 Nxc1 25. Rxc1 Nxe4 26. Rc2 Nxc3 27. bxc3 Rxc3 28. Bb1 Rfc8 29. Rf2 Rc1+ 30. Rf1 Rxf1+ 0-1

[Event "Bad Sooden-Allendorf Seniors op 14th"]
[Site "Bad Sooden-Allendorf"]
[Date "2002.04.22"]
[Round "1"]
[White "Grams, Arthur"]
[Black "Heidfeld, Christel"]
[Result "1-0"]
[WhiteElo "1762"]
[BlackElo "1320"]
[PlyCount "117"]
[EventDate "2002.04.??"]
[EventType "swiss"]
[EventRounds "9"]
[EventCountry "GER"]
[SourceTitle "EXT 2006"]
[Source "ChessBase"]
[SourceDate "2005.11.24"]
[SourceVersion "1"]
[SourceVersionDate "2005.11.24"]
[SourceQuality "1"]

1. d4 d5 2. c4 Nf6 3. Nc3 e6 4. Nf3 Bb4 5. Bg5 Bxc3+ 6. bxc3 Nbd7 7. e3 0-0 8. Bd3 Qe8 9. Qc2 c6 10. 0-0 a6 11. Rfe1 b5 12. cxd5 cxd5 13. a4 Bb7 14. axb5 Qc8 15. Ne5 g6 16. bxa6 Bxa6 17. Nxd7 Nxd7 18. Rec1 e5 19. Be7 Bxd3 20. Qxd3 Re8 21. Bb4 e4 22. Qd1 Qb8 23. Kh1 Re6 24. h3 Rea6 25. Rxa6 Rxa6 26. Ra1 Qa8 27. Rxa6 Qxa6 28. Qb3 Qa8 29. Bd6 f6 30. Qb5 Qd8 31. Qxd5+ Kh8 32. Qxe4 f5 33. Qe7 Qxe7 34. Bxe7 Nb6 35. Bb4 Nc4 36. g4 fxg4 37. hxg4 h6 38. Kg2 Kg7 39. e4 Kf6 40. Kg3 g5 41. e5+ Ke6 42. Bf8 Nd2 43. Bxh6 Ne4+ 44. Kf3 Nxc3 45. Bxg5 Kd5 46. Be3 Nb5 47. Kf4 Ke6 48. Kg5 Nc7 49. f4 Nd5 50. f5+ Ke7 51. Bc1 Nc7 52. Ba3+ Kf7 53. e6+ Ke8 54. Bd6 Nb5 55. Be5 Na3 56. f6 Nc4 57. Kg6 Ne3 58. f7+ Kf8 59. Bd6# 1-0